00584pab a2200169 454500008004000000100001800040245017000058260000900228300001400237362001100251650001500262650001000277650002900287650003200316650002400348773004200372180718b2007 xxu||||| |||| 00| 0 eng d aGrabel, Ilene aPolicy coherence or conformance? The new world bank - international monetary fund - world trade organization rhetoric on trade and investment in developing countries c2007 ap.335-41. aSummer aInvestment aTrade aWorld Trade Organization aInternational Monetary Fund aInternational trade aReview of Radical Political Economics